<?xml version="1.0" encoding="UTF-8"?>
<record
    xmlns:xsi="http://www.w3.org/2001/XMLSchema-instance"
    xsi:schemaLocation="http://www.loc.gov/MARC21/slim http://www.loc.gov/standards/marcxml/schema/MARC21slim.xsd"
    xmlns="http://www.loc.gov/MARC21/slim">

  <leader>02288nam a2200313 i 4500</leader>
  <controlfield tag="001">42835</controlfield>
  <controlfield tag="003">gtgccic</controlfield>
  <controlfield tag="005">20241119145858.0</controlfield>
  <controlfield tag="007">ta</controlfield>
  <controlfield tag="008">241119|        gt ||||| |||| 00| 0 spa d</controlfield>
  <datafield tag="040" ind1=" " ind2=" ">
    <subfield code="a">gtgccic</subfield>
    <subfield code="b">spa</subfield>
    <subfield code="c">gtgccic</subfield>
    <subfield code="e">rda</subfield>
  </datafield>
  <datafield tag="084" ind1=" " ind2=" ">
    <subfield code="0">C-73-894</subfield>
  </datafield>
  <datafield tag="100" ind1="1" ind2="0">
    <subfield code="a">Alcain Montes, Juan Alberto</subfield>
    <subfield code="d">1973</subfield>
    <subfield code="e">Autor</subfield>
  </datafield>
  <datafield tag="245" ind1="1" ind2="0">
    <subfield code="a">An&#xE1;lisis de losas de concreto reforzado por el m&#xE9;todo del marco equivalente, ACI 318-71 /</subfield>
    <subfield code="c">Juan Alberto Alcain Montes</subfield>
  </datafield>
  <datafield tag="264" ind1=" " ind2="1">
    <subfield code="a">Guatemala, Guatemala :</subfield>
    <subfield code="b">Facultad de Ingenier&#xED;a, Universidad de San Carlos de Guatemala,</subfield>
    <subfield code="c">1973.</subfield>
  </datafield>
  <datafield tag="300" ind1=" " ind2=" ">
    <subfield code="a">115 p&#xE1;ginas :</subfield>
    <subfield code="b">Ilustraciones, </subfield>
    <subfield code="c">27 cm</subfield>
  </datafield>
  <datafield tag="336" ind1=" " ind2=" ">
    <subfield code="2">rdacontenido</subfield>
    <subfield code="a">Texto</subfield>
    <subfield code="b">txt</subfield>
  </datafield>
  <datafield tag="337" ind1=" " ind2=" ">
    <subfield code="2">rdamedio</subfield>
    <subfield code="a">sin mediaci&#xF3;n</subfield>
    <subfield code="b">n</subfield>
  </datafield>
  <datafield tag="338" ind1=" " ind2=" ">
    <subfield code="2">rdasoporte</subfield>
    <subfield code="a">volumen</subfield>
    <subfield code="b">nc</subfield>
  </datafield>
  <datafield tag="502" ind1=" " ind2=" ">
    <subfield code="a">Ingeniero Civil,</subfield>
    <subfield code="b">Tesis de grado,</subfield>
    <subfield code="c">USAC,</subfield>
    <subfield code="d">1973.</subfield>
    <subfield code="o">C73894</subfield>
  </datafield>
  <datafield tag="504" ind1=" " ind2=" ">
    <subfield code="a">Bibliograf&#xED;a p&#xE1;gina 101-102</subfield>
  </datafield>
  <datafield tag="520" ind1="3" ind2=" ">
    <subfield code="a">El m&#xE9;todo del marco equivalente es una innovaci&#xF3;n en el an&#xE1;lisis estructural de un edificio del c&#xF3;digo ACI 318-71.

El an&#xE1;lisis de una losa por el m&#xE9;todo del marco equivalente podr&#xED;a compararse al an&#xE1;lisis el&#xE1;stico de losas planas del c&#xF3;digo ACI 318-63.

Ambos m&#xE9;todos permiten la simplificaci&#xF3;n de un sistema de losas tridimensionales a una serie de marcos bidimensionales equivalentes, tomados longitudinal y transversalmente a trav&#xE9;s del edificio. La diferencia fundamental estriba en que el m&#xE9;todo del marco equivalente se aplica a sistemas de losas rectangulares con o sin vigas entre soportes y tomando en cuenta el efecto de torsi&#xF3;n de las vigas perimetrales, factor que no se consideraba en los c&#xF3;digos anteriores al ACI 318-71.

El c&#xF3;digo ACI 318-71 introduce tambi&#xE9;n el concepto del M&#xE9;todo de Dise&#xF1;o Directo. Este m&#xE9;todo se utiliza para llevar a cabo el an&#xE1;lisis de losas rectangulares con o sin vigas entre soportes, al igual que en el m&#xE9;todo del marco equivalente. Para el an&#xE1;lisis de losas por medio del m&#xE9;todo de dise&#xF1;o directo, no es necesario el c&#xE1;lculo de rigideces, factores de transmisi&#xF3;n, momentos fijos, sino el sistema estructural se analiza con formulas "emp&#xED;ricas".</subfield>
  </datafield>
  <datafield tag="546" ind1=" " ind2=" ">
    <subfield code="a">Espa&#xF1;ol</subfield>
  </datafield>
  <datafield tag="650" ind1="1" ind2="4">
    <subfield code="a">Hormig&#xF3;n reforzado</subfield>
  </datafield>
  <datafield tag="650" ind1="1" ind2="4">
    <subfield code="a">Losas - Dise&#xF1;o</subfield>
  </datafield>
  <datafield tag="700" ind1="1" ind2="0">
    <subfield code="a">Monz&#xF3;n D., H&#xE9;ctor</subfield>
    <subfield code="e">Asesor</subfield>
  </datafield>
  <datafield tag="942" ind1=" " ind2=" ">
    <subfield code="0">tes</subfield>
    <subfield code="c">TES</subfield>
    <subfield code="k">C73894</subfield>
    <subfield code="n">0</subfield>
  </datafield>
  <datafield tag="945" ind1=" " ind2=" ">
    <subfield code="a">MC</subfield>
  </datafield>
  <datafield tag="999" ind1=" " ind2=" ">
    <subfield code="c">93</subfield>
    <subfield code="d">93</subfield>
  </datafield>
  <datafield tag="952" ind1=" " ind2=" ">
    <subfield code="0">0</subfield>
    <subfield code="1">0</subfield>
    <subfield code="4">0</subfield>
    <subfield code="7">0</subfield>
    <subfield code="a">CICON</subfield>
    <subfield code="b">CICON</subfield>
    <subfield code="d">1973-08-05</subfield>
    <subfield code="i">T1973894</subfield>
    <subfield code="l">0</subfield>
    <subfield code="o">C-73-894</subfield>
    <subfield code="p">TC1973894</subfield>
    <subfield code="r">2024-11-19 13:58:55</subfield>
    <subfield code="w">2024-11-19</subfield>
    <subfield code="y">TES</subfield>
    <subfield code="z">Disponible</subfield>
  </datafield>
</record>
